Encyclopedia of athletic medicine

Salvato in:
Dettagli Bibliografici
Autore principale: Sheehan, George (Autore)
Natura: Libro
Lingua:spagnolo
Pubblicazione: Emmaus Runners World Magazine 1972
Serie:Booklet of The Month, 12
Soggetti:
Tags: Aggiungi Tag
Nessun Tag, puoi essere il primo ad aggiungerne!!

MARC

LEADER 00000nam a2200000 a 4500
001 UCU0412
003 CL-VaPUC
008 960322e19720000US |||||||||||||||||spa|d
082 0 4 |a 612.044  |b SHE  |2 21 
100 0 |a Sheehan, George  |e author  |9 355544 
245 1 0 |a Encyclopedia of athletic medicine 
300 |a 95 p 
942 |c BK 
945 |d 19960322 00:00:00  |a cmena 
260 |a Emmaus  |b Runners World Magazine  |c 1972 
650 0 |a Medicina deportiva  |9 307562 
650 7 |a DEPORTES ASPECTOS FISIOLOGICOS  |2 CL-VaPUC  |9 307561 
650 0 |a Atletismo  |9 307422 
650 0 |a Educación física  |9 240893 
583 |a last modification  |c 20130401 10:34:31  |k Rodrigo Vera 
490 0 |a Booklet of The Month, 12 
999 |c 245268  |d 245266 
952 |0 0  |1 0  |4 0  |6 612_044000000000000_SHE_1972  |7 0  |8 P  |9 259728  |a BIBEDU  |b BIBEDU  |c BIBEDU_PB  |d 2019-11-19  |i 1633678  |o 612.044 SHE 1972  |p 1633678  |r 2024-01-25  |w 2019-11-19  |y BK  |k EDU